00237 a2200109 4500001000700000020000600007040001100013100003100024240003400055245002900089362000900118166775 a  cMagnum aRomesin, Humberto Maturana10aDa biologia a psicologialpor10aDa biologia a psicologia0 a1899